00418nam a2200169Ia 4500003000400000008004100004040001600045082001300061100001900074245004100093260003100134300001000165490002400175650001500199650001200214650002200226GCL140319s9999 xx 000 0 eng d aGCL / cGCL04a843bB C1 aBARJOVEL, RENE10aCOLOMB DE LA LUNE / cBARJOVEL, RENE a[S.N] : bDENOEL ، c1962 a185 P aCOLLECTION FOLIOv004aLITERATURE04aFICTION04aFRENCH LITERATURE